Obecné centrum
Saved in:
| Main Author: | |
|---|---|
| Other Authors: | |
| Format: | Manuscript Book |
| Language: | Slovak |
| Published: |
2016
|
| Subjects: | |
| Online Access: | http://is.stuba.sk/zp/portal_zp.pl?podrobnosti=118184 https://opac.crzp.sk/?fn=detailBiblioForm&sid=A86BEDB9942C84EDDB96328BE596 |
| Tags: |
No Tags, Be the first to tag this record!
|
MARC
| LEADER | 00000ntm a22000003a 4500 | ||
|---|---|---|---|
| 001 | stuzp56623 | ||
| 003 | SK-STU | ||
| 005 | 20231009135535.0 | ||
| 007 | ta | ||
| 008 | 150427s2015----xo-----f-mn---000-0-slo-d | ||
| 040 | |a STU |b slo | ||
| 041 | 0 | |a slo | |
| 100 | 1 | |a Šturek, Dominik |u 010180 |4 aut |U SvF Stavebná fakulta |T SvF Katedra konštrukcií pozemných stavieb |X 76291 |U V180 |Y 18 |7 76291 | |
| 242 | 0 | 1 | |a Obecné centrum |y eng |
| 245 | 1 | 0 | |a Obecné centrum |
| 260 | |c 2016 | ||
| 650 | 4 | |a obecné centrum |2 slo | |
| 650 | 4 | |a realizačný projekt |2 slo | |
| 650 | 4 | |a drevostavba |2 slo | |
| 650 | 4 | |a general center |2 eng | |
| 650 | 4 | |a implementation project |2 eng | |
| 650 | 4 | |a timber building |2 eng | |
| 700 | 1 | |a Rabenseifer, Roman |u 010180 |k Z1 |4 ths |U SvF Stavebná fakulta |T SvF Katedra konštrukcií pozemných stavieb |X 727 |U V180 |Y 18 |7 A000000727 | |
| 856 | 4 | |u http://is.stuba.sk/zp/portal_zp.pl?podrobnosti=118184 | |
| 856 | 4 | |u https://opac.crzp.sk/?fn=detailBiblioForm&sid=A86BEDB9942C84EDDB96328BE596 | |
| SQL | |a stuzp56623 |b DDP |c SLO |d Obecné centrum |e 76291 |f Šturek, Dominik |g 010180 |h 727 |i Rabenseifer, Roman |j 20160616 |k 8 |l 01 |m http://is.stuba.sk/zp/portal_zp.pl?podrobnosti=118184 |n I-AKP |o 5.1.4. pozemné stavby | ||